000 00834nam a22002297a 4500
999 _c1698
_d1698
003 AR-CdUCM
008 190227b ||||| |||| 00| 0 spa d
040 _aMUNICIPALIDAD PROVINCIAL DEL CUSCO
_cBIBLIOTECA MUNICIPAL DEL CUSCO
041 _hfre
082 _a701 /
_bT134
100 _aTaine, Hipolito
_96282
245 _aLa Naturaleza de la Obra de Arte /
260 _aMexico :
_bGrijalbo,
_c1969.
300 _a152 paginas ;
_c18 cm.
505 _aLa naturaleza de la obra de arte -- La producción de la obra de arte -- El ideal en el arte -- Especies y grados del ideal -- Importancia del carácter.
650 _aTécnicas para el arte
_96283
650 _aIdeas superpuestas
_96284
650 _aVariaciones y oscilaciones
_96285
700 _aCastilleros, G.
_96286
942 _2ddc
_cLIBROS
945 _awnts
_d2019-02-27